000 00302 a2200133 4500
001 48862
040 _cAnchieta - Bela Vista
100 _aBelinky, Tatiana
240 1 0 _aO cocheiro erudito
_lpor
245 1 0 _aO cocheiro erudito
362 0 _a2001
650 4 _aLiteratura infanto-juvenil
942 _cBK
999 _c48862
_d48862